| 000 | 00569nam a2200205Ia 4500 | ||
|---|---|---|---|
| 003 | OSt | ||
| 005 | 20250305090644.0 | ||
| 008 | 210210b1975 xxu||||| |||| 00| 0 eng d | ||
| 040 | _cAL | ||
| 041 | _dhin | ||
| 082 | _aH891.3 SHIS | ||
| 100 |
_aSHRIVASTAV (Shivnarayan): _9203931 |
||
| 110 |
_bश्रीवास्तव शिवनारायण _9203932 |
||
| 245 |
_aSarahad ke par: _bसरहद के पार |
||
| 260 |
_aDilli _bSanmarg Prakashan _c1975 |
||
| 300 | _a113 | ||
| 690 |
_aHindi Fiction _9203933 |
||
| 906 | _a032204 | ||
| 942 |
_2ddc _cBK |
||
| 999 |
_c83063 _d83063 |
||